000 00570nam a2200193 i 4500
001 63241
003 ES-MaACL
007 t|
008 031204s1984 sp ||||1| spa d
100 1 _aFernández Santos, Jesús.
_950079
245 1 4 _aLos jinetes del alba /
_cJesús Fernández Santos.
250 _a[1ª ed.].
260 _a[Barcelona] :
_bSeix Barral,
_c[1984]
300 _a288 p. ;
_c20 cm.
490 1 _aBiblioteca breve ;
_v644
830 0 _aBiblioteca breve (Seix Barral)
_v644
_9227188
852 _aES-MaACL
_jL-6263
_bR.106942
999 _c63241
_d63241